[Event "Madrid-ch Previa A"]
[Site "Madrid ESP"]
[Date "2014.02.05"]
[Round "3.20"]
[White "Cano Mercado, Francisco Manuel"]
[Black "Canseco Arenas, Alfonso"]
[Result "1/2-1/2"]
[WhiteElo "1863"]
[BlackElo "1721"]
[PlyCount "130"]
[EventDate "2014.02.03"]
[EventType "swiss"]
[EventRounds "9"]
[EventCountry "ESP"]
[Source "lmi"]
[SourceDate "2014.02.03"]

1. d4 Nf6 2. Bg5 g6 3. Bxf6 exf6 4. e3 Bg7 5. c4 O-O 6. Nc3 d6 7. Bd3 Nc6 8. a3
Re8 9. Nge2 f5 10. O-O a6 11. Qc2 Bd7 12. Nd5 Rc8 13. Rac1 Ne7 14. Nef4 c6 15.
Nc3 c5 16. d5 Kh8 17. Rce1 Ng8 18. e4 Qg5 19. Nh3 Qg4 20. exf5 gxf5 21. Ne2 Be5
22. f4 Bf6 23. Ng3 Nh6 24. Be2 Qg6 25. Kh1 Bh4 26. Bh5 Qg7 27. Rxe8+ Rxe8 28.
b4 Bxg3 29. hxg3 Qxg3 30. bxc5 Qxa3 31. cxd6 Qxd6 32. Ng5 Kg8 33. Qb2 b5 34.
Bxf7+ Nxf7 35. Nxf7 Kxf7 36. cxb5 Bxb5 37. Rd1 Qxf4 38. Qc3 Qh4+ 39. Kg1 Re2
40. Qf3 Re1+ 41. Rxe1 Qxe1+ 42. Kh2 Qh4+ 43. Kg1 Qg4 44. Qb3 Qc4 45. Qh3 Qxd5
46. Qxh7+ Ke8 47. Qh8+ Kd7 48. Qg7+ Kc6 49. Qf6+ Kc5 50. Qc3+ Kb6 51. Qf6+ Bc6
52. Qb2+ Qb5 53. Qh8 Qc5+ 54. Kf1 Bb5+ 55. Ke1 Qg1+ 56. Kd2 Qxg2+ 57. Kc1 Qf1+
58. Kc2 Qe2+ 59. Kc1 Qe3+ 60. Kc2 Ba4+ 61. Kb2 Qd2+ 62. Ka1 Qc1+ 63. Ka2 Qc2+
64. Ka1 Bc6 65. Qb8+ Ka5 1/2-1/2

[Event "Madrid-ch Previa A"]
[Site "Madrid ESP"]
[Date "2014.02.05"]
[Round "3.21"]
[White "Rodriguez Bachiller, Luis"]
[Black "Lucia Carpintero, Oscar"]
[Result "1/2-1/2"]
[WhiteElo "1771"]
[BlackElo "1665"]
[PlyCount "91"]
[EventDate "2014.02.03"]
[EventType "swiss"]
[EventRounds "9"]
[EventCountry "ESP"]
[Source "lmi"]
[SourceDate "2014.02.03"]

1. e4 d5 2. exd5 Nf6 3. d4 Nxd5 4. c4 Nb6 5. Nf3 Bg4 6. Be2 e6 7. b3 Nc6 8. O-O
Be7 9. Bb2 O-O 10. Nbd2 Bf5 11. c5 Nd5 12. Nc4 Nf4 13. Ne3 Nxe2+ 14. Qxe2 Bg6
15. Rfd1 Nb4 16. a3 Nd5 17. Nxd5 Qxd5 18. Qc4 Rfd8 19. Qxd5 Rxd5 20. Ne5 Bc2
21. Rd2 Bxb3 22. Bc3 Ba4 23. Rb1 f6 24. Nc4 b6 25. Ne3 Rd7 26. cxb6 cxb6 27.
Bb4 Kf7 28. Bxe7 Kxe7 29. Rb4 Bc6 30. f3 Rad8 31. Kf2 e5 32. Nc2 exd4 33. Rbxd4
Rxd4 34. Rxd4 Rxd4 35. Nxd4 Bd7 36. Ke3 b5 37. Kd3 Kd6 38. Kc3 a5 39. Nb3 b4+
40. axb4 axb4+ 41. Kxb4 Ke5 42. Kc3 f5 43. Nd2 Bb5 44. g3 g5 45. Nb3 h5 46. Nd4
1/2-1/2

[Event "Madrid-ch Previa A"]
[Site "Madrid ESP"]
[Date "2014.02.05"]
[Round "3.22"]
[White "Olano Lanchas, Dionisio"]
[Black "Cortijo Manso, Luis"]
[Result "1-0"]
[WhiteElo "1761"]
[BlackElo "1554"]
[PlyCount "43"]
[EventDate "2014.02.03"]
[EventType "swiss"]
[EventRounds "9"]
[EventCountry "ESP"]
[Source "lmi"]
[SourceDate "2014.02.03"]

1. e4 e6 2. d4 d5 3. e5 c5 4. c3 Nc6 5. Nf3 Qb6 6. Be2 Nh6 7. Bxh6 gxh6 8. Qd2
Bg7 9. O-O O-O 10. a4 Na5 11. dxc5 Qxc5 12. b4 Nb3 13. bxc5 Nxd2 14. Nbxd2 Bd7
15. Bb5 Bc8 16. Nb3 a6 17. Bd3 Bd7 18. Rfe1 Rfb8 19. a5 Rc8 20. Nfd4 Bc6 21. f4
Re8 22. c4 1-0

[Event "Madrid-ch Previa A"]
[Site "Madrid ESP"]
[Date "2014.02.05"]
[Round "3.23"]
[White "Algaba Traspuesto, Jose Antonio"]
[Black "Dominguez Afonso, Ayraldo"]
[Result "1-0"]
[WhiteElo "1721"]
[BlackElo "1508"]
[PlyCount "97"]
[EventDate "2014.02.03"]
[EventType "swiss"]
[EventRounds "9"]
[EventCountry "ESP"]
[Source "lmi"]
[SourceDate "2014.02.03"]

1. d4 d5 2. e3 c5 3. c3 e6 4. Bd3 Nf6 5. Nd2 Nc6 6. f4 h5 7. Ngf3 Bd6 8. dxc5
Bxc5 9. Qe2 Qe7 10. e4 dxe4 11. Nxe4 Nxe4 12. Bxe4 Bd7 13. Be3 O-O-O 14. O-O-O
Rhe8 15. Ng5 f6 16. Bxc5 Qxc5 17. Nf7 f5 18. Nd6+ Kb8 19. Bxc6 Bxc6 20. Nxe8
Rxe8 21. Qe5+ Qxe5 22. fxe5 g5 23. Rd2 f4 24. Rhd1 Kc7 25. Rf2 Rf8 26. b3 Rf5
27. Re1 g4 28. Kd2 Kb6 29. Kd3 Kc5 30. b4+ Kb6 31. c4 a6 32. Kd4 Kc7 33. Ref1
f3 34. gxf3 gxf3 35. Rg1 Rf4+ 36. Kc3 Rg4 37. Rxg4 hxg4 38. Kd4 Be8 39. Ke3 Bg6
40. Rd2 Bf5 41. a3 b6 42. Rd6 Kb7 43. c5 bxc5 44. bxc5 Ka7 45. Rb6 a5 46. Rb2
Bg6 47. c6 Be8 48. c7 Bd7 49. Rb8 1-0

[Event "Madrid-ch Previa A"]
[Site "Madrid ESP"]
[Date "2014.02.05"]
[Round "3.24"]
[White "Salgado Duarte, Pablo"]
[Black "Quijano Cabrera, Adelardo"]
[Result "1-0"]
[WhiteElo "1554"]
[BlackElo "1710"]
[PlyCount "91"]
[EventDate "2014.02.03"]
[EventType "swiss"]
[EventRounds "9"]
[EventCountry "ESP"]
[Source "lmi"]
[SourceDate "2014.02.03"]

1. d4 Nf6 2. Nc3 g6 3. Nf3 Bg7 4. e4 d6 5. h3 O-O 6. Bc4 a6 7. O-O b5 8. Bd3
Bb7 9. d5 Nbd7 10. a3 c5 11. dxc6 Bxc6 12. Bf4 Rc8 13. Qd2 Nh5 14. Bh6 Nc5 15.
Bxg7 Kxg7 16. Rfe1 Nf6 17. Nh2 e5 18. Qe2 Re8 19. Ng4 Nxg4 20. Qxg4 Nxd3 21.
cxd3 d5 22. Rad1 d4 23. Ne2 Bb7 24. Qg3 Rc2 25. Rb1 Qc7 26. Rbc1 f6 27. Rb1 Qa5
28. Qf3 Rxb2 29. Ra1 Rc8 30. Kf1 Rcc2 31. h4 Ra2 32. h5 Qxa3 33. Rxa2 Rxa2 34.
g4 Ra1 35. Rxa1 Qxa1+ 36. Kg2 g5 37. Ng3 h6 38. Nf5+ Kh7 39. Ne7 Qa2 40. Nd5
Bc6 41. Qf5+ Kg8 42. Qg6+ Kf8 43. Qxf6+ Kg8 44. Ne7+ Kh7 45. Qg6+ Kh8 46. Qxh6#
1-0

[Event "Madrid-ch Previa A"]
[Site "Madrid ESP"]
[Date "2014.02.05"]
[Round "3.26"]
[White "Ojosnegros Martin, Angel"]
[Black "Quintero Cuervo, Edgar Alfredo"]
[Result "1/2-1/2"]
[WhiteElo "1532"]
[BlackElo "1651"]
[PlyCount "107"]
[EventDate "2014.02.03"]
[EventType "swiss"]
[EventRounds "9"]
[EventCountry "ESP"]
[Source "lmi"]
[SourceDate "2014.02.03"]

1. e4 c5 2. Nf3 d6 3. d4 cxd4 4. Nxd4 Nc6 5. Nc3 Nf6 6. Nde2 e6 7. g3 Be7 8.
Bg2 O-O 9. O-O a6 10. Rb1 e5 11. Bg5 Be6 12. Bxf6 Bxf6 13. Nd5 Bg5 14. c4 f5
15. Bh3 g6 16. b4 Rc8 17. c5 Be7 18. Nec3 Nd4 19. Nb6 Rc6 20. Ncd5 dxc5 21.
Nxe7+ Qxe7 22. Nd5 Qd7 23. Bg2 c4 24. f4 c3 25. fxe5 c2 26. Qxd4 cxb1=Q 27.
Rxb1 b5 28. Nf6+ Rxf6 29. Qxd7 Bxd7 30. exf6 Rxf6 31. Rd1 Be8 32. exf5 gxf5 33.
Rd8 Kf7 34. a3 Bc6 35. Bxc6 Rxc6 36. Rd7+ Kg6 37. Rd3 h5 38. h3 Kg5 39. Kf2 Re6
40. Kf3 a5 41. bxa5 Ra6 42. h4+ Kf6 43. Kf4 Rxa5 44. Rd6+ Ke7 45. Rd5 Ra4+ 46.
Kxf5 Rxa3 47. Rxb5 Rxg3 48. Re5+ Kf7 49. Ke4 Kg6 50. Re6+ Kf7 51. Rh6 Rg4+ 52.
Kf5 Rxh4 53. Kg5 Rg4+ 54. Kxh5 1/2-1/2

[Event "Madrid-ch Previa A"]
[Site "Madrid ESP"]
[Date "2014.02.05"]
[Round "3.27"]
[White "Ramos Antona, Enrique"]
[Black "Enriquez Pastor, Jorge"]
[Result "1-0"]
[WhiteElo "1643"]
[BlackElo "1413"]
[PlyCount "128"]
[EventDate "2014.02.03"]
[EventType "swiss"]
[EventRounds "9"]
[EventCountry "ESP"]
[Source "lmi"]
[SourceDate "2014.02.03"]

1. d4 f5 2. c4 Nf6 3. Nc3 e6 4. g3 c6 5. Bg2 d5 6. cxd5 cxd5 7. Nf3 Nbd7 8. O-O
Be7 9. Bf4 O-O 10. a4 Nb6 11. b3 Bd6 12. Ne5 Nbd7 13. Nb5 Bxe5 14. Bxe5 Nxe5
15. dxe5 Ne4 16. f3 Ng5 17. h4 Nf7 18. f4 Bd7 19. Nd4 Qb6 20. e3 Rac8 21. Qd2
Rc7 22. Rfc1 Rxc1+ 23. Rxc1 Rc8 24. Rc3 Rxc3 25. Qxc3 Qd8 26. Bf1 Qc8 27. Qxc8+
Bxc8 28. b4 Nd8 29. Be2 Bd7 30. a5 b6 31. axb6 axb6 32. Kf2 Kf7 33. h5 h6 34.
g4 g6 35. Kg3 fxg4 36. hxg6+ Kxg6 37. Kxg4 Nf7 38. Bd3+ Kg7 39. Kh5 Kg8 40. Bg6
Nd8 41. Kxh6 Nc6 42. Nxc6 Bxc6 43. f5 exf5 44. Bxf5 Kf7 45. Kg5 Ke7 46. Kf4 Be8
47. e4 dxe4 48. Kxe4 Bc6+ 49. Kd4 b5 50. Kc5 Be8 51. Bc8 Kd8 52. Ba6 Ke7 53.
Bxb5 Bh5 54. Bc4 Bf3 55. Bd5 Bg4 56. b5 Bc8 57. b6 Ba6 58. Kc6 Kd8 59. b7 Bxb7+
60. Kxb7 Kd7 61. Kb6 Kd8 62. Kc6 Ke7 63. Kc7 Ke8 64. Kd6 Kd8 1-0

[Event "Madrid-ch Previa A"]
[Site "Madrid ESP"]
[Date "2014.02.05"]
[Round "3.28"]
[White "Calleja Aletta, Jacobo"]
[Black "De Villanueva Dominguez, Julio"]
[Result "1-0"]
[WhiteElo "1577"]
[BlackElo "1332"]
[PlyCount "65"]
[EventDate "2014.02.03"]
[EventType "swiss"]
[EventRounds "9"]
[EventCountry "ESP"]
[Source "lmi"]
[SourceDate "2014.02.03"]

1. c4 e5 2. Nc3 Nf6 3. Nf3 Nc6 4. e3 b6 5. d4 exd4 6. exd4 Bb4 7. Bd3 O-O 8.
O-O Re8 9. Nd5 Nxd5 10. cxd5 Ne7 11. Ne5 Bb7 12. Bxh7+ Kxh7 13. Qh5+ Kg8 14.
Nxf7 Qc8 15. Ne5 Bxd5 16. Bg5 d6 17. Bxe7 dxe5 18. Bxb4 Bf7 19. Qh4 exd4 20.
Rfe1 c5 21. Bd2 Qc6 22. Rac1 Bxa2 23. Qxd4 Bd5 24. Qg4 Be6 25. Qg3 Bd5 26. Bc3
Qh6 27. h3 Re4 28. Rcd1 Bc6 29. Rxe4 Bxe4 30. Rd7 g6 31. Qe5 Bf5 32. Qd5+ Kf8
33. Qxa8# 1-0

[Event "Madrid-ch Previa A"]
[Site "Madrid ESP"]
[Date "2014.02.10"]
[Round "4.1"]
[White "Perez Agusti, Luis"]
[Black "Saber, Salah"]
[Result "1-0"]
[WhiteElo "1941"]
[BlackElo "1845"]
[PlyCount "69"]
[EventDate "2014.02.03"]
[EventType "swiss"]
[EventRounds "9"]
[EventCountry "ESP"]
[Source "lmi"]
[SourceDate "2014.02.03"]

1. d4 d5 2. Nf3 Nf6 3. Bg5 e6 4. c4 c6 5. Nc3 Bd6 6. e4 dxe4 7. Bxf6 Qxf6 8.
Nxe4 Bb4+ 9. Nc3 O-O 10. Bd3 c5 11. O-O cxd4 12. Nxd4 Bxc3 13. bxc3 Nd7 14. Rb1
Nc5 15. Bxh7+ Kh8 16. Qh5 Qh6 17. Qxc5 g6 18. Bxg6 fxg6 19. Rbe1 b6 20. Qc6 Ba6
21. Re3 Rac8 22. Qa4 Bxc4 23. Rh3 Qxh3 24. gxh3 Bxf1 25. Kxf1 e5 26. Ne6 Rf7
27. Qh4+ Kg8 28. Qh6 Rh7 29. Qxg6+ Kh8 30. Qf6+ Kg8 31. Qxe5 Re8 32. f4 Rf7 33.
Qg5+ Kh8 34. Qh5+ Kg8 35. Qg6+ 1-0

[Event "Madrid-ch Previa A"]
[Site "Madrid ESP"]
[Date "2014.02.10"]
[Round "4.2"]
[White "Santamaria Baeza, A."]
[Black "Cisneros Rodriguez, Amick"]
[Result "1/2-1/2"]
[WhiteElo "1928"]
[BlackElo "1711"]
[PlyCount "111"]
[EventDate "2014.02.03"]
[EventType "swiss"]
[EventRounds "9"]
[EventCountry "ESP"]
[Source "lmi"]
[SourceDate "2014.02.03"]

1. e4 Nf6 2. e5 Nd5 3. Nf3 d6 4. Bc4 c6 5. d4 dxe5 6. dxe5 Bg4 7. Nc3 e6 8.
Nxd5 cxd5 9. Bb5+ Nc6 10. O-O Be7 11. c3 O-O 12. Bf4 Qb6 13. a4 a6 14. Bxc6
bxc6 15. b4 a5 16. Qd4 c5 17. bxc5 Bxc5 18. Qd3 Bf5 19. Qd2 Rfc8 20. h3 Qc7 21.
Rfc1 Rab8 22. Nd4 Bxd4 23. cxd4 Qb6 24. Rxc8+ Rxc8 25. Rc1 Rxc1+ 26. Qxc1 h6
27. Qc8+ Kh7 28. Qc5 Qb4 29. Qxb4 axb4 30. Kf1 Bd3+ 31. Ke1 b3 32. Bc1 Kg6 33.
Kd2 Bc4 34. g3 f5 35. f4 Kf7 36. Kc3 Ke7 37. Ba3+ Kd7 38. Bf8 h5 39. Bxg7 Kc6
40. Bf8 Kb6 41. Bb4 Ka6 42. Kb2 Kb6 43. Be1 Bf1 44. g4 fxg4 45. hxg4 hxg4 46.
Kxb3 Ba6 47. Kc2 Bc8 48. Kd3 Bd7 49. a5+ Kb5 50. Ke3 Be8 51. Bc3 Bg6 52. Kf2
Bf5 53. Kg3 Ka6 54. Kh4 Kb5 55. Be1 Ka6 56. Kg5 1/2-1/2

[Event "Madrid-ch Previa A"]
[Site "Madrid ESP"]
[Date "2014.02.10"]
[Round "4.3"]
[White "Diaz Begonte, Manuel"]
[Black "Lozano Sanchez, Jose Antonio"]
[Result "0-1"]
[WhiteElo "1783"]
[BlackElo "1857"]
[PlyCount "132"]
[EventDate "2014.02.03"]
[EventType "swiss"]
[EventRounds "9"]
[EventCountry "ESP"]
[Source "lmi"]
[SourceDate "2014.02.03"]

1. e4 e5 2. Nf3 Nc6 3. Bb5 Bc5 4. c3 d6 5. d4 exd4 6. cxd4 Bb4+ 7. Bd2 Bxd2+ 8.
Nbxd2 a6 9. Bxc6+ bxc6 10. Qc2 Bd7 11. O-O Ne7 12. e5 O-O 13. Nc4 Bf5 14. Qd2
Ng6 15. Ne3 Be4 16. Qd1 Re8 17. Nd2 Bd3 18. Re1 dxe5 19. Nb3 Be4 20. f3 Bd5 21.
dxe5 Nxe5 22. Rc1 Rb8 23. Nxd5 Qxd5 24. Qxd5 cxd5 25. Red1 c6 26. Kf2 Kf8 27.
f4 Nc4 28. Re1 Rxe1 29. Kxe1 Re8+ 30. Kf1 Ke7 31. Nd4 c5 32. Re1+ Kd7 33. Rxe8
Kxe8 34. Nb3 Nxb2 35. Nxc5 a5 36. Ke2 Ke7 37. Ke3 Nc4+ 38. Kd4 Kd6 39. Na4 Na3
40. Nc3 Nc2+ 41. Kd3 Ne1+ 42. Kd4 Nc2+ 43. Kd3 Nb4+ 44. Kd4 Nc6+ 45. Kd3 Kc5
46. a3 f5 47. h4 d4 48. Na4+ Kb5 49. Nb2 g6 50. g3 h6 51. Kd2 Nd8 52. Kd3 Ne6
53. Nc4 Ka4 54. Ne5 Kxa3 55. Nxg6 Kb3 56. Ne5 a4 57. Nc4 a3 58. Nd2+ Kb2 59.
Nc4+ Kb3 60. Nd2+ Kb4 61. Kc2 d3+ 62. Kc1 Nd4 63. Nf1 Ne2+ 64. Kb1 Nxg3 65. Ne3
Kb3 66. Ka1 d2 0-1

[Event "Madrid-ch Previa A"]
[Site "Madrid ESP"]
[Date "2014.02.10"]
[Round "4.4"]
[White "Ore Leon, Gustavo"]
[Black "Hernandez Gutierrez, Jose"]
[Result "1-0"]
[WhiteElo "1814"]
[BlackElo "1852"]
[PlyCount "81"]
[EventDate "2014.02.03"]
[EventType "swiss"]
[EventRounds "9"]
[EventCountry "ESP"]
[Source "lmi"]
[SourceDate "2014.02.03"]

1. d4 Nf6 2. c4 e6 3. Nf3 b6 4. a3 Bb7 5. Nc3 Be7 6. Bg5 Ne4 7. Bxe7 Qxe7 8.
Qc2 f5 9. e3 O-O 10. Bd3 Nxc3 11. Qxc3 c5 12. dxc5 bxc5 13. Rd1 d6 14. O-O Nd7
15. Be2 Nf6 16. Nd2 Ne4 17. Nxe4 Bxe4 18. f3 Bc6 19. Rd2 e5 20. Rfd1 Rf6 21. b4
cxb4 22. Qxb4 Rd8 23. c5 d5 24. Bc4 e4 25. fxe4 fxe4 26. Bxd5+ Bxd5 27. Rxd5
Rxd5 28. Rxd5 Rf8 29. Qc4 Kh8 30. Qc1 Qf7 31. Rd2 h6 32. c6 Rc8 33. Qc5 Qf6 34.
c7 Kh7 35. Rf2 Qe6 36. Rf8 Qg4 37. h3 Qd7 38. Rxc8 Qxc8 39. Qe7 Qb7 40. Qd7 Qb6
41. Qf5+ 1-0

[Event "Madrid-ch Previa A"]
[Site "Madrid ESP"]
[Date "2014.02.10"]
[Round "4.5"]
[White "Montes De Santiago, Fernando"]
[Black "Gonzalez Recas, Fernando"]
[Result "1/2-1/2"]
[WhiteElo "1826"]
[BlackElo "1796"]
[PlyCount "45"]
[EventDate "2014.02.03"]
[EventType "swiss"]
[EventRounds "9"]
[EventCountry "ESP"]
[Source "lmi"]
[SourceDate "2014.02.03"]

1. d4 Nf6 2. c4 e6 3. Nf3 Bb4+ 4. Bd2 a5 5. a3 Bxd2+ 6. Nbxd2 b6 7. g3 Bb7 8.
Bg2 O-O 9. O-O Re8 10. Qc2 d6 11. e4 e5 12. d5 Nbd7 13. b4 Qe7 14. Nh4 g6 15.
Qc3 Nh5 16. Bh3 Nf8 17. Ng2 Bc8 18. Bxc8 Rexc8 19. b5 Nd7 20. f4 f6 21. f5 g5
22. Kf2 Kf7 23. Qf3 1/2-1/2

[Event "Madrid-ch Previa A"]
[Site "Madrid ESP"]
[Date "2014.02.10"]
[Round "4.6"]
[White "Lopez Peral, Enrique"]
[Black "Fernandez Garcia, Ignacio"]
[Result "0-1"]
[WhiteElo "1804"]
[BlackElo "1903"]
[PlyCount "52"]
[EventDate "2014.02.03"]
[EventType "swiss"]
[EventRounds "9"]
[EventCountry "ESP"]
[Source "lmi"]
[SourceDate "2014.02.03"]

1. d4 d5 2. c4 e6 3. Nf3 c6 4. e3 Nf6 5. Nbd2 Nbd7 6. Qc2 Be7 7. Bd3 O-O 8. Ne5
Re8 9. Ndf3 Nf8 10. Ng5 Bb4+ 11. Bd2 Bxd2+ 12. Kxd2 Re7 13. Nexf7 Rxf7 14. Nxf7
Kxf7 15. g4 Nxg4 16. h4 Kg8 17. Kc3 e5 18. dxe5 Nxe5 19. Rag1 Qf6 20. Kb3 Nxd3
21. Qxd3 dxc4+ 22. Kxc4 Qxb2 23. Qd4 Qc2+ 24. Kb4 c5+ 25. Qxc5 a5+ 26. Qxa5
Qd2+ 0-1

[Event "Madrid-ch Previa A"]
[Site "Madrid ESP"]
[Date "2014.02.10"]
[Round "4.7"]
[White "Caamano Jimenez, Luis"]
[Black "Crespo Villalba, Israel"]
[Result "1-0"]
[WhiteElo "1772"]
[BlackElo "1897"]
[PlyCount "98"]
[EventDate "2014.02.03"]
[EventType "swiss"]
[EventRounds "9"]
[EventCountry "ESP"]
[Source "lmi"]
[SourceDate "2014.02.03"]

1. d4 Nf6 2. Nf3 g6 3. Bf4 Bg7 4. c3 O-O 5. Nbd2 d5 6. Qc2 Bf5 7. e4 dxe4 8.
Nh4 e3 9. Nxf5 exd2+ 10. Kxd2 gxf5 11. Qxf5 Qd5 12. Be5 Ne4+ 13. Kc2 Bxe5 14.
Bd3 e6 15. Qxe4 Qxe4 16. Bxe4 Nd7 17. dxe5 Nxe5 18. Bxb7 Rab8 19. Ba6 Rb6 20.
Be2 Rfb8 21. b3 a5 22. Rhd1 c5 23. g3 c4 24. Rab1 cxb3+ 25. Rxb3 a4 26. Rxb6
Rxb6 27. Rd4 a3 28. Rb4 Rd6 29. Ra4 Nd7 30. Rxa3 Nc5 31. f3 e5 32. Ra5 Rc6 33.
Bd3 Kg7 34. a4 h6 35. Ra7 Ne6 36. Be4 Rb6 37. Bd5 Kf6 38. a5 Rd6 39. c4 Nd4+
40. Kb2 Ne6 41. Kb3 Rd8 42. Kb4 Rd6 43. Kb5 Rxd5+ 44. cxd5 Nd4+ 45. Kc4 Nxf3
46. a6 e4 47. d6 Ke6 48. Rb7 Ne5+ 49. Kc3 Kxd6 1-0

[Event "Madrid-ch Previa A"]
[Site "Madrid ESP"]
[Date "2014.02.10"]
[Round "4.8"]
[White "Perez Cameselle, Francisco Jose"]
[Black "De La Fuente Ebro, Miguel Angel"]
[Result "0-1"]
[WhiteElo "1895"]
[BlackElo "1772"]
[PlyCount "54"]
[EventDate "2014.02.03"]
[EventType "swiss"]
[EventRounds "9"]
[EventCountry "ESP"]
[Source "lmi"]
[SourceDate "2014.02.03"]

1. Nf3 Nf6 2. g3 d5 3. Bg2 g6 4. O-O Bg7 5. d3 O-O 6. Nbd2 c6 7. e4 dxe4 8.
dxe4 Qa5 9. Qe2 Be6 10. Re1 Na6 11. e5 Nd7 12. Nb3 Bxb3 13. cxb3 e6 14. Bg5
Rfe8 15. a3 Qc7 16. h4 h6 17. Bf4 Rad8 18. b4 Nab8 19. Qe3 Kh7 20. Qxa7 Nb6 21.
b5 Rd5 22. bxc6 Nxc6 23. Rac1 Ra8 24. Rxc6 Qxc6 25. Nd4 Qc7 26. Qxa8 Nxa8 27.
Bxd5 Qa5 0-1

[Event "Madrid-ch Previa A"]
[Site "Madrid ESP"]
[Date "2014.02.10"]
[Round "4.9"]
[White "Veiga Rodriguez, Pablo"]
[Black "Fernandez Aransay, Fernando"]
[Result "1-0"]
[WhiteElo "1593"]
[BlackElo "1886"]
[PlyCount "103"]
[EventDate "2014.02.03"]
[EventType "swiss"]
[EventRounds "9"]
[EventCountry "ESP"]
[Source "lmi"]
[SourceDate "2014.02.03"]

1. e4 c5 2. Nf3 d6 3. d4 cxd4 4. Nxd4 Nf6 5. Nc3 g6 6. f4 Nc6 7. Be3 Bg7 8.
Nxc6 bxc6 9. Be2 O-O 10. O-O Qc7 11. h4 Rb8 12. Rb1 Qa5 13. g4 Ba6 14. Bxa6
Qxa6 15. Rf2 Nxg4 16. Qxg4 Bxc3 17. f5 Qxa2 18. Rbf1 Bg7 19. b3 Qb2 20. h5 Bd4
21. Qg5 Bxe3 22. Qxe3 Qe5 23. hxg6 hxg6 24. Rh2 Qc5 25. Rf3 Qxe3+ 26. Rxe3 Kg7
27. fxg6 fxg6 28. e5 Rb5 29. exd6 Rg5+ 30. Rg2 Rxg2+ 31. Kxg2 exd6 32. Re6 Rf6
33. Re7+ Rf7 34. Re6 Rd7 35. Re8 Kf7 36. Rc8 c5 37. Kf3 Ke6 38. Kg4 Rh7 39. Kg5
Rh2 40. c4 Rg2+ 41. Kf4 Rb2 42. Rb8 a5 43. Re8+ Kd7 44. Re3 Ra2 45. Ke4 Ra3 46.
Rg3 a4 47. Rxg6 Rxb3 48. Rg2 Rd3 49. Kxd3 Kc6 50. Ra2 d5 51. cxd5+ Kxd5 52.
Rxa4 1-0

[Event "Madrid-ch Previa A"]
[Site "Madrid ESP"]
[Date "2014.02.10"]
[Round "4.10"]
[White "Camarero Izquierdo, Juan Carlos"]
[Black "Quispe Arteaga, Gabriel"]
[Result "0-1"]
[WhiteElo "1870"]
[BlackElo "1556"]
[PlyCount "66"]
[EventDate "2014.02.03"]
[EventType "swiss"]
[EventRounds "9"]
[EventCountry "ESP"]
[Source "lmi"]
[SourceDate "2014.02.03"]

1. d4 d5 2. Nc3 Nf6 3. Bg5 e6 4. e4 dxe4 5. Nxe4 Be7 6. Bxf6 Bxf6 7. Nf3 Nc6 8.
c3 a6 9. Bd3 b6 10. Qe2 Bb7 11. O-O-O Qe7 12. Rhe1 a5 13. d5 Nd8 14. Bb5+ Kf8
15. d6 cxd6 16. Nxd6 Bd5 17. Rxd5 exd5 18. Qd2 Ne6 19. Nf5 Qc5 20. a4 d4 21. c4
Qxf5 22. b3 Qf4 23. Qxf4 Nxf4 24. Re4 Nd3+ 25. Kc2 Nxf2 26. Rxd4 Bxd4 27. Nxd4
g6 28. Bc6 Rd8 29. Nb5 Kg7 30. b4 Nd3 31. Kb3 Nxb4 32. Na7 Nxc6 33. Nxc6 Rd6
0-1

[Event "Madrid-ch Previa A"]
[Site "Madrid ESP"]
[Date "2014.02.10"]
[Round "4.11"]
[White "Martin-Consuegra Barrilero, Javier"]
[Black "Calleja Aletta, Jacobo"]
[Result "1-0"]
[WhiteElo "1853"]
[BlackElo "1577"]
[PlyCount "81"]
[EventDate "2014.02.03"]
[EventType "swiss"]
[EventRounds "9"]
[EventCountry "ESP"]
[Source "lmi"]
[SourceDate "2014.02.03"]

1. d4 Nf6 2. Bf4 g6 3. h3 Bg7 4. e3 O-O 5. Nf3 d6 6. Be2 c5 7. c3 b6 8. O-O Bb7
9. Nbd2 d5 10. a4 Nc6 11. Ne5 e6 12. Qb1 Rc8 13. b4 cxb4 14. Nxc6 Rxc6 15. cxb4
Qe7 16. b5 Rc3 17. Qb2 Rfc8 18. Rfc1 Rxc1+ 19. Rxc1 Bf8 20. Rxc8 Bxc8 21. Qc2
Qb4 22. Qxc8 Qxd2 23. Bd6 Nd7 24. Bf1 Qa5 25. Qxd7 Bxd6 26. Qxd6 Qxa4 27. g4 h6
28. Qb8+ Kg7 29. Qb7 Kf8 30. Kg2 g5 31. Qc7 Qa3 32. Qe5 Kg8 33. Qf6 Qf8 34. Be2
Qg7 35. Qe7 Qg6 36. Qxa7 f5 37. Qxb6 f4 38. exf4 gxf4 39. Qb8+ Kg7 40. Qxf4 h5
41. b6 1-0

[Event "Madrid-ch Previa A"]
[Site "Madrid ESP"]
[Date "2014.02.10"]
[Round "4.12"]
[White "Martinez Miura, Enrique"]
[Black "Jimenez Gonzalez, Marcos"]
[Result "0-1"]
[WhiteElo "1712"]
[BlackElo "1852"]
[PlyCount "110"]
[EventDate "2014.02.03"]
[EventType "swiss"]
[EventRounds "9"]
[EventCountry "ESP"]
[Source "lmi"]
[SourceDate "2014.02.03"]

1. e4 e6 2. d4 d5 3. Nd2 c5 4. c3 cxd4 5. cxd4 dxe4 6. Nxe4 Nf6 7. Nxf6+ Qxf6
8. Nf3 Bb4+ 9. Bd2 Bxd2+ 10. Qxd2 O-O 11. Ne5 Nc6 12. Nxc6 bxc6 13. O-O-O a5
14. g4 c5 15. Bg2 Rb8 16. dxc5 Bb7 17. Bxb7 Rxb7 18. g5 Qf5 19. Qd4 Rc7 20. Qd3
Rxc5+ 21. Kb1 Qxd3+ 22. Rxd3 Rxg5 23. f4 Rf5 24. Rd4 h6 25. Rhd1 Rc8 26. Rc1
Rcc5 27. Rxc5 Rxc5 28. Rd8+ Kh7 29. Rb8 Kg6 30. b4 axb4 31. Rxb4 e5 32. fxe5
Rxe5 33. a4 f5 34. Rb5 Re1+ 35. Kb2 Re2+ 36. Kb3 Rxh2 37. a5 Re2 38. Rb6+ Kg5
39. a6 Re8 40. a7 Ra8 41. Rb7 g6 42. Kc4 Kf4 43. Kc5 Kg3 44. Rb3+ Kg4 45. Kb6
f4 46. Kb7 Rxa7+ 47. Kxa7 g5 48. Kb6 f3 49. Rb4+ Kg3 50. Rb3 Kg2 51. Kc5 f2 52.
Rb2 Kg1 53. Rb1+ f1=Q 54. Rxf1+ Kxf1 55. Kd4 g4 0-1

[Event "Madrid-ch Previa A"]
[Site "Madrid ESP"]
[Date "2014.02.10"]
[Round "4.13"]
[White "Roldan Garcia, Angel"]
[Black "Hernandez Garcia, Carlos"]
[Result "0-1"]
[WhiteElo "1765"]
[BlackElo "1819"]
[PlyCount "50"]
[EventDate "2014.02.03"]
[EventType "swiss"]
[EventRounds "9"]
[EventCountry "ESP"]
[Source "lmi"]
[SourceDate "2014.02.03"]

1. e4 c5 2. c3 d6 3. d4 Nf6 4. Bd3 Qc7 5. Nf3 e5 6. dxe5 dxe5 7. h3 Bd7 8. Qe2
Nc6 9. O-O Be7 10. Bg5 h6 11. Bxf6 Bxf6 12. Nbd2 O-O 13. Nc4 a6 14. Ne3 Ne7 15.
c4 g6 16. Nd5 Nxd5 17. exd5 Rae8 18. Qc2 Bg7 19. g4 e4 20. Bxe4 Qf4 21. Nd2 Be5
22. Nf3 Bd6 23. Rfe1 f5 24. gxf5 gxf5 25. Qd2 fxe4 0-1

[Event "Madrid-ch Previa A"]
[Site "Madrid ESP"]
[Date "2014.02.10"]
[Round "4.14"]
[White "Garcia Fernandez, Jesus"]
[Black "Salgado Duarte, Pablo"]
[Result "1-0"]
[WhiteElo "1887"]
[BlackElo "1554"]
[PlyCount "119"]
[EventDate "2014.02.03"]
[EventType "swiss"]
[EventRounds "9"]
[EventCountry "ESP"]
[Source "lmi"]
[SourceDate "2014.02.03"]

1. d4 d5 2. e4 dxe4 3. Nc3 Nf6 4. f3 exf3 5. Nxf3 Bg4 6. h3 Bh5 7. Bd3 e6 8.
Bg5 Be7 9. g4 Bg6 10. Qd2 Bxd3 11. Qxd3 c6 12. O-O-O Nbd7 13. Rhf1 h6 14. Bh4
Nb6 15. Ne5 Nbd7 16. Qf3 Rf8 17. Kb1 Nxe5 18. dxe5 Nd5 19. Bg3 Qb6 20. Bf2 Qc7
21. Ne4 O-O-O 22. Nd6+ Kb8 23. Qa3 b6 24. Bg3 b5 25. Qb3 f6 26. c4 fxe5 27. Ne4
Rxf1 28. Rxf1 Nf4 29. cxb5 Rd3 30. Qc4 Rd4 31. Qc2 Nd5 32. Re1 Nb6 33. Qc3 Bb4
34. Qxd4 exd4 35. Bxc7+ Kxc7 36. Rc1 d3 37. Rxc6+ Kd7 38. Nc5+ Bxc5 39. Rxc5
Kd6 40. Rc3 Kd5 41. Rxd3+ Kc4 42. Re3 Kd5 43. Kc2 e5 44. Kd3 Nc4 45. Re2 Nd6
46. a4 e4+ 47. Kc3 g5 48. Kb4 Nb7 49. Kc3 Ke5 50. b4 Kf4 51. Kd4 Nd6 52. Kd5
Kf3 53. Re1 e3 54. Kxd6 Kf2 55. Rc1 e2 56. b6 axb6 57. a5 bxa5 58. bxa5 e1=Q
59. Rxe1 Kxe1 60. a6 1-0